| Поле | Название | Значение |
| |
Тип записи |
a |
| |
Библиографический уровень |
a |
| 001 |
Контрольный номер |
RU/CBS_UL/BASE/a86b6ce81d7d4dd888708b6df2795b37 |
| 005 |
Дата корректировки |
20260317230640.6 |
| 100 |
Данные общей обработки |
__ |
| a |
Данные общей обработки |
20260317 ||| 0rusy0189 ca |
| 101 |
Язык документа |
0_ |
| a |
Язык текста |
rus |
| 102 |
Страна публикации |
__ |
| a |
Страна публикации |
RU |
| 200 |
Заглавие и сведения об ответственности |
1_ |
| a |
Заглавие |
Вирусолог Михаил Чумаков: победивший смерть одной левой |
| e |
Сведения, относящиеся к заглавию |
[о судьбе советского вирусолога М.П. Чумакова и его вкладе в медицину] |
| f |
Первые сведения об ответственности |
А. Четверикова |
| 300 |
Общие примечания |
__ |
| a |
Общие примечания |
16+ |
| 461 |
Уровень набора |
_0 |
| 1 |
|
2000 |
| a |
|
Родина |
| 463 |
Уровень физической единицы |
_0 |
| 1 |
|
2000 |
| a |
|
№ 5 |
| v |
|
С. 42-45 : фот. |
| 1 |
|
2101 |
| d |
|
2021 |
| 1 |
|
001RU/CBS_UL/BASE/695229592 |
| 600 |
Персоналии |
_1 |
| a |
Персоналии (Фамилия) |
Чумаков |
| b |
Персоналии (Имя, инициалы) |
М.П. |
| 606 |
Тематические рубрики |
0_ |
| a |
Основная рубрика |
Чумаков, Михаил Петрович (1909-1993) |
| 610 |
Ключевые слова |
0_ |
| a |
Ключевые слова |
вирусологи, полиомиелит, советские учёные, американские учёные, вакцинация, энцефалит, вирусные заболевания, вакцина от полиомиелита, судьбы учёных |
| 686 |
Индексы других классификаций |
__ |
| 2 |
Код системы |
rubbk |
| a |
Классификационный индекс |
5г |
| 700 |
Автор |
_1 |
| a |
Фамилия |
Четверикова |
| b |
Имя (инициалы) |
А. |
| 801 |
Источник записи |
_0 |
| a |
Страна |
RU |
| b |
Организация |
МБУК ЦБС г. Ульяновска |
| c |
Дата составления |
20260317 |
| g |
Правила каталогизации |
RCR |
| 801 |
Источник записи |
_1 |
| a |
Страна |
RU |
| b |
Организация |
МБУК ЦБС г. Ульяновска |
| c |
Дата составления |
20260317 |
| g |
Правила каталогизации |
RCR |
| 901 |
Тип документа |
__ |
| t |
Тип документа |
b |
| w |
Контрольный № источника |
RU/CBS_UL/BASE/695229592 |
| 909 |
Создатель записи |
__ |
| a |
Создатель записи |
lib1 |